<?xml version="1.0" encoding="UTF-8"?><?xml-stylesheet type="text/xsl" href="static/style.xsl"?><OAI-PMH xmlns="http://www.openarchives.org/OAI/2.0/" xmlns:xsi="http://www.w3.org/2001/XMLSchema-instance" xsi:schemaLocation="http://www.openarchives.org/OAI/2.0/ http://www.openarchives.org/OAI/2.0/OAI-PMH.xsd"><responseDate>2026-04-13T13:21:04Z</responseDate><request verb="GetRecord" identifier="oai:www.recercat.cat:2072/484211" metadataPrefix="marc">https://recercat.cat/oai/request</request><GetRecord><record><header><identifier>oai:recercat.cat:2072/484211</identifier><datestamp>2025-05-08T16:52:55Z</datestamp><setSpec>com_2072_98</setSpec><setSpec>col_2072_378192</setSpec></header><metadata><record xmlns="http://www.loc.gov/MARC21/slim" xmlns:dcterms="http://purl.org/dc/terms/" xmlns:xsi="http://www.w3.org/2001/XMLSchema-instance" xmlns:doc="http://www.lyncode.com/xoai" xsi:schemaLocation="http://www.loc.gov/MARC21/slim http://www.loc.gov/standards/marcxml/schema/MARC21slim.xsd">
   <leader>00925njm 22002777a 4500</leader>
   <datafield ind2=" " ind1=" " tag="042">
      <subfield code="a">dc</subfield>
   </datafield>
   <datafield ind2=" " ind1=" " tag="720">
      <subfield code="a">Casanovas, Pompeu</subfield>
      <subfield code="e">author</subfield>
   </datafield>
   <datafield ind2=" " ind1=" " tag="260">
      <subfield code="c">2023</subfield>
   </datafield>
   <datafield ind2=" " ind1=" " tag="520">
      <subfield code="a">Aquest article se centra en la figura de l'investigador, en mostra la dimensió personal i suggereix alguns elements de reflexió, control i autogovern. En aquest sentit, (i) ofereix un marc general per a la pràctica de la història intel·lectual; (ii) distingeix entre subjectivitat, subjectualitat i identitat; (iii) posa alguns exemples extrets de la pràctica de la història intel·lectual abans de la Guerra Civil i després; (iv) proposa mantenir analíticament separats els aspectes d'ontologia, metodologia i epistemologia; (v) tracta les aportacions de la cultura i tècniques digitals en la pràctica de l'investigador, (vi) advoca per la construcció d'equips tant per mitigar en la mesura del possible els biaixos com per enfrontar-se a la complexitat dels productes conceptuals de les societats humanes, i (vii) defensa al final la personalitat, identitat i intuïció plurals de l'investigador per dur a terme aquesta recerca.</subfield>
   </datafield>
   <datafield ind2=" " ind1=" " tag="520">
      <subfield code="a">This article focuses on the figure of the researcher, showing his personal dimension and suggesting some elements of reflection, control and self-government. In this sense, (i) it provides a general framework for the practice of intellectual history; (ii) distinguishes between subjectivity, subjectivity, and identity; (iii) offers some examples from the practice of intellectual history before and after the Spanish Civil War; (iv) proposes to keep analytically separated the aspects of ontology, methodology, and epistemology; (v) deals with the contributions of digital culture and techniques in the practice of the researcher; (vi) advocates for setting research teams both to mitigate biases as much as possible, and to address the complexity of the conceptual outcomes of human societies; (vii) and ultimately defends the plural personality, identity and intuition of the researcher to carry out this work.</subfield>
   </datafield>
   <datafield ind1="8" ind2=" " tag="024">
      <subfield code="a">http://hdl.handle.net/2072/484211</subfield>
   </datafield>
   <datafield tag="653" ind2=" " ind1=" ">
      <subfield code="a">Història intel·lectual</subfield>
   </datafield>
   <datafield tag="653" ind2=" " ind1=" ">
      <subfield code="a">Metodologia</subfield>
   </datafield>
   <datafield tag="653" ind2=" " ind1=" ">
      <subfield code="a">Ontologia</subfield>
   </datafield>
   <datafield tag="653" ind2=" " ind1=" ">
      <subfield code="a">JOCIH</subfield>
   </datafield>
   <datafield tag="653" ind2=" " ind1=" ">
      <subfield code="a">Subjectivitat</subfield>
   </datafield>
   <datafield tag="653" ind2=" " ind1=" ">
      <subfield code="a">Anàlisi de dades</subfield>
   </datafield>
   <datafield tag="653" ind2=" " ind1=" ">
      <subfield code="a">Guerra Civil</subfield>
   </datafield>
   <datafield tag="653" ind2=" " ind1=" ">
      <subfield code="a">Història - Investigació - Catalunya</subfield>
   </datafield>
   <datafield tag="653" ind2=" " ind1=" ">
      <subfield code="a">Intel·lectuals - Catalunya - Història - S. XX</subfield>
   </datafield>
   <datafield tag="653" ind2=" " ind1=" ">
      <subfield code="a">Ontologia</subfield>
   </datafield>
   <datafield tag="653" ind2=" " ind1=" ">
      <subfield code="a">Subjectivitat</subfield>
   </datafield>
   <datafield tag="653" ind2=" " ind1=" ">
      <subfield code="a">Intellectual history</subfield>
   </datafield>
   <datafield tag="653" ind2=" " ind1=" ">
      <subfield code="a">Methodology</subfield>
   </datafield>
   <datafield tag="653" ind2=" " ind1=" ">
      <subfield code="a">Ontology</subfield>
   </datafield>
   <datafield tag="653" ind2=" " ind1=" ">
      <subfield code="a">Subjectivity</subfield>
   </datafield>
   <datafield tag="653" ind2=" " ind1=" ">
      <subfield code="a">Data analysis</subfield>
   </datafield>
   <datafield tag="653" ind2=" " ind1=" ">
      <subfield code="a">Spanish Civil War</subfield>
   </datafield>
   <datafield ind2="0" ind1="0" tag="245">
      <subfield code="a">La història intel·lectual que practiquem, tal com és</subfield>
   </datafield>
</record></metadata></record></GetRecord></OAI-PMH>